[Event "ENG-BRD m"]
[Site "Cheltenham"]
[Date "1971.04.04"]
[Round "2.3"]
[White "Hartston, William R"]
[Black "Pfleger, Helmut"]
[Result "1/2-1/2"]
[WhiteElo "2390"]
[BlackElo "2510"]

1.e4 e5 2.Nf3 Nc6 3.Bb5 a6 4.Ba4 Nf6 5.O-O Be7 6.Re1 b5 7.Bb3 O-O 8.c3 d6
9.h3 Bb7 10.d4 Na5 11.Bc2 Nc4 12.b3 Nb6 13.Nbd2 Nbd7 14.b4 Re8 15.Nb3 Rc8
16.a4 Bf8 17.axb5 axb5 18.Na5 Ba8 19.d5 c6 20.dxc6 Bxc6 21.Nxc6 Rxc6 22.Bd2 Nb6
23.Ra5 Nc4 24.Rxb5 Nxd2 25.Qxd2 Qc7 26.Bb3 Rxc3 27.Bd5 Rc2 28.Qd3 Rc3 29.Qd2 Rc2
30.Qd3 Rc3 31.Qd2  1/2-1/2

[Event "SWE-ch"]
[Site "?"]
[Date "1972.??.??"]
[Round "7"]
[White "Hansson, Dan"]
[Black "Olsson, Ake"]
[Result "1-0"]
[WhiteElo "2200"]
[BlackElo "2380"]

1.e4 e5 2.Nf3 Nc6 3.Bb5 a6 4.Ba4 Nf6 5.O-O Be7 6.Re1 b5 7.Bb3 d6 8.c3 O-O
9.h3 Bb7 10.d4 Na5 11.Bc2 Nc4 12.b3 Nb6 13.Nbd2 Nfd7 14.Bb2 Bf6 15.Qe2 Re8
16.Rad1 Qe7 17.c4 exd4 18.Nxd4 g6 19.Ba1 b4 20.f4 Qf8 21.Qf3 Qg7 22.Nf1 Nc5
23.g4 Ne6 24.Nxe6 fxe6 25.Bxf6 Qxf6 26.g5 Qf7 27.Ne3 Rf8 28.Rf1 Nd7 29.Ng4 Qg7
30.Qe3 Qc3 31.Qxc3 bxc3 32.e5 d5 33.cxd5 Bxd5 34.Rd3 a5 35.Rxc3 c6 36.h4 Rab8
37.a3 Rb5 38.Rh3 Rfb8 39.h5 Bxb3 40.Bd3 Nf8 41.Nf6+ Kg7 42.Bxb5 Rxb5 43.Rc1 Rb6
44.h6+ Kf7 45.Rhc3 Ba4 46.Rc5 Ra6 47.Rb1 Ra7 48.Rxa5  1-0

[Event "Stary Smokovec"]
[Site "Stary Smokovec"]
[Date "1973.??.??"]
[Round "12"]
[White "Banas, Jan"]
[Black "Plachetka, Jan"]
[Result "1/2-1/2"]
[WhiteElo "2360"]
[BlackElo "2445"]

1.e4 e5 2.Nf3 Nc6 3.Bb5 a6 4.Ba4 Nf6 5.O-O Be7 6.Re1 b5 7.Bb3 d6 8.c3 O-O
9.h3 Bb7 10.d4 exd4 11.cxd4 d5 12.e5 Ne4 13.Nc3 Na5 14.Bc2 f5 15.exf6 Bxf6
16.Nxe4 dxe4 17.Bxe4 Bxe4 18.Rxe4 c5 19.d5 Nc4 20.Rb1 Qd7 21.b3 Qf5 22.Qc2 Nb6
23.Rc4 Qxc2 24.Rxc2 Nxd5 25.Bd2 Be7 26.Ne5 Rfc8 27.Rbc1 a5 28.Nd3 Rc6 29.Kf1 a4
30.Nxc5 Rac8 31.b4 Nb6 32.Ke2 a3 33.Rc3 Nc4 34.Be3 Re8 35.Kd1 Bf6 36.Rxc4 bxc4
37.Rxc4 Be7 38.Kc2 Bxc5 39.Bxc5 Rcc8 40.Kb3 Re2 41.Rc2 Rxc2 42.Kxc2 Kf7 43.Kb3 Ra8
44.b5 Ke6 45.Bxa3 Ra5 46.Kb4 Ra8 47.b6 Kd7 48.Kb3 Ra5 49.Bb4 Rb5 50.a4 Rxb6
51.Kc4 Rf6 52.Bc5 Kc6 53.a5 Rf5 54.Bb6 g6 55.Kd3 Rf4 56.Ke3 Ra4 57.Kf3 Kd5
58.Kg3  1/2-1/2

[Event "Szolnok"]
[Site "Szolnok"]
[Date "1975.??.??"]
[Round "1"]
[White "Pinter, Jozsef"]
[Black "Zaitsev, Igor A"]
[Result "1/2-1/2"]
[WhiteElo "2410"]
[BlackElo "2450"]

1.e4 e5 2.Nf3 Nc6 3.Bb5 a6 4.Ba4 Nf6 5.O-O Be7 6.Re1 b5 7.Bb3 d6 8.c3 O-O
9.h3 Bb7 10.d4 Re8 11.Nbd2 Bf8 12.a4 Qd7 13.Ng5 Nd8 14.d5 Qe7 15.Nf1 h6 16.Nf3 c6
17.Ne3 cxd5 18.Nxd5 Nxd5 19.Bxd5 Ne6 20.Be3 Rec8 21.axb5 axb5 22.Qb3 Nc5
23.Bxc5 Rxa1 24.Rxa1 Rxc5 25.Rd1 g6 26.Ne1 Bxd5 27.Rxd5 Qh4 28.Rxc5 dxc5
29.Qd5 Qf4 30.Nd3 Qd2 31.Nxe5 Qc1+  1/2-1/2

[Event "Szolnok"]
[Site "Szolnok"]
[Date "1975.??.??"]
[Round "8"]
[White "Rajna, George"]
[Black "Zaitsev, Igor A"]
[Result "0-1"]
[WhiteElo "2405"]
[BlackElo "2450"]

1.e4 e5 2.Nf3 Nc6 3.Bb5 a6 4.Ba4 Nf6 5.O-O Be7 6.Re1 b5 7.Bb3 d6 8.c3 O-O
9.h3 Bb7 10.d4 Re8 11.Ng5 Rf8 12.f4 exf4 13.Bxf4 Na5 14.Bc2 Nd5 15.Nxh7 Nxf4
16.Nxf8 Qxf8 17.Rf1 g5 18.Nd2 Qg7 19.a4 Nc4 20.Nxc4 bxc4 21.Rf2 Qg6 22.d5 c6
23.Qd4 Bd8 24.dxc6 Bxc6 25.Qxc4 Bd7 26.Kh1 Bb6 27.Rd2 Qh6 28.Rf1 Be3 29.Re2 Be6
30.Qc6 Bxh3 31.Rxe3 Bxg2+ 32.Kg1 Qh1+ 33.Kf2 Qxf1+ 34.Kg3 Nh5+ 35.Kg4 Qf4+  0-1

[Event "Dubna"]
[Site "Dubna"]
[Date "1976.??.??"]
[Round "?"]
[White "Kostro, Jerzy"]
[Black "Zaitsev, Igor A"]
[Result "0-1"]
[WhiteElo "2400"]
[BlackElo "2165"]

1.e4 e5 2.Nf3 Nc6 3.Bb5 a6 4.Ba4 Nf6 5.O-O Be7 6.Re1 b5 7.Bb3 d6 8.c3 O-O
9.h3 Bb7 10.d4 Re8 11.Ng5 Rf8 12.f4 exf4 13.Bxf4 Na5 14.Bc2 Nd5 15.exd5 Bxg5
16.Qh5 h6 17.Nd2 Bxd5 18.Ne4 Bxf4 19.Qf5 Bxe4 20.Bxe4 Bh2+ 21.Kxh2 g6 22.Qf4 d5
23.Bf3 Kh7 24.b3 c6 25.Re5 Qd6 26.Rae1 Nb7 27.g3 Rad8 28.Re7 Qxf4 29.gxf4 Nd6
30.Ra7 b4  0-1

[Event "URS-ch44"]
[Site "Moscow"]
[Date "1976.??.??"]
[Round "?"]
[White "Karpov, Anatoly"]
[Black "Balashov, Yuri S"]
[Result "1-0"]
[WhiteElo "2695"]
[BlackElo "2545"]

1.e4 e5 2.Nf3 Nc6 3.Bb5 a6 4.Ba4 Nf6 5.O-O Be7 6.Re1 b5 7.Bb3 d6 8.c3 O-O
9.h3 Bb7 10.d4 Re8 11.Nbd2 Bf8 12.Bc2 g6 13.b3 Bg7 14.d5 Nb8 15.Nf1 c6 16.c4 cxd5
17.cxd5 Nbd7 18.Be3 Rc8 19.a4 Nc5 20.N3d2 bxa4 21.b4 Nb3 22.Rxa4 Nd4 23.Bd3 Nd7
24.Qb1 Nb8 25.Bxd4 exd4 26.b5 axb5 27.Qxb5 Rc7 28.Nc4 Bf8 29.Nb6 Rc3 30.Rd1 Re7
31.Qb4 Rec7 32.Qxd4 Rb3 33.Nd2 Bg7 34.Qe3 Rbc3 35.Qe2 Rc1 36.Ndc4 Rxd1+ 37.Qxd1 Na6
38.Bc2 h5 39.Ra5 Rc5 40.Ra3 Rb5 41.Na4 Qc7 42.Bd3 Rb4 43.Rb3 Qb6  1-0

[Event "EU-chT"]
[Site "Moscow"]
[Date "1977.??.??"]
[Round "2"]
[White "Parma, Bruno"]
[Black "Balashov, Yuri S"]
[Result "1/2-1/2"]
[WhiteElo "2530"]
[BlackElo "2565"]

1.e4 e5 2.Nf3 Nc6 3.Bb5 a6 4.Ba4 Nf6 5.O-O Be7 6.Re1 b5 7.Bb3 O-O 8.c3 d6
9.h3 Bb7 10.d4 Re8 11.Nbd2 Bf8 12.d5 Ne7 13.Nf1 Ng6 14.N3h2 h6 15.Ng3 Bc8
16.Bc2 Bd7 17.Be3 Nh7 18.Nf5 Nf4 19.Bxf4 exf4 20.Qd2 g6 21.Nd4 Qf6 22.Ne2 f3
23.Nxf3 Bxh3 24.Qf4 Bd7 25.Qxf6 Nxf6 26.Ned4 Re7 27.Nd2 Rae8 28.Kf1 h5 29.f3 Bh6
30.N2b3 h4 31.Na5 Re5 32.Nac6 Rg5 33.Kf2 Rh5 34.a4 Bxc6 35.dxc6  1/2-1/2

[Event "EU-chT"]
[Site "Moscow"]
[Date "1977.??.??"]
[Round "4"]
[White "Tringov, Georgi P"]
[Black "Gligoric, Svetozar"]
[Result "1/2-1/2"]
[WhiteElo "2495"]
[BlackElo "2565"]

1.e4 e5 2.Nf3 Nc6 3.Bb5 a6 4.Ba4 Nf6 5.O-O Be7 6.Re1 b5 7.Bb3 d6 8.c3 O-O
9.h3 Bb7 10.d4 Re8 11.Nbd2 Bf8 12.d5 Ne7 13.Nf1 Ng6 14.a4 h6 15.N3h2 c6 16.dxc6  1/2-1/2

[Event "Lvov zt"]
[Site "Lvov"]
[Date "1978.??.??"]
[Round "8"]
[White "Beliavsky, Alexander G"]
[Black "Geller, Efim P"]
[Result "0-1"]
[WhiteElo "2545"]
[BlackElo "2590"]

1.e4 e5 2.Nf3 Nc6 3.Bb5 a6 4.Ba4 Nf6 5.O-O Be7 6.Re1 d6 7.Bb3 b5 8.c3 O-O
9.h3 Bb7 10.d4 Re8 11.Nbd2 Bf8 12.a3 h6 13.Ba2 Nb8 14.Qb3 Qd7 15.Qc2 c5 16.d5 c4
17.b3 cxb3 18.Bxb3 Qc7 19.c4 Nbd7 20.cxb5 Qxc2 21.Bxc2 axb5 22.Rb1 Nc5 23.Nb3 Na4
24.Bd2 Rec8 25.Rbc1 Nc3 26.Bb1 Nxb1 27.Rxb1 Rxa3 28.Na5 Ba6 29.Nc6 Ra4 30.Bb4 Bb7
31.Na5 Ba6 32.Nc6 Ra8 33.Nd2 Bb7 34.Rec1 Ra2 35.f3 Nh5 36.Rb3 Nf4 37.Kf1 R8a4
38.h4 Ra8 39.g3 Nh5 40.Kf2 g6 41.Bc3 Rc8 42.Bb2 Ra6 43.Rbc3 Rca8 44.Nb4 Ra4
45.Rb3 f5 46.Nb1 fxe4 47.fxe4 Bc8 48.Nc3 R4a7 49.Nxb5 Rb7 50.Nc6 Nf6 51.Rc4 Bg4
52.Ke1 Nd7 53.Nbd4 Rxb3 54.Nxb3 Ra2 55.Rc2 Ra4 56.Nd2 Nf6 57.Bxe5 dxe5 58.Nxe5 Nxe4
59.Nxg4 Nxd2 60.Nf6+ Kf7 61.Nh7 Ne4 62.Nxf8 Kxf8 63.Rc8+ Kf7 64.Rc7+ Kf6
65.Rc6+ Kf5 66.g4+ Kxg4 67.Rxg6+ Kf3  0-1

[Event "URS-ch46"]
[Site "Tbilisi"]
[Date "1978.??.??"]
[Round "?"]
[White "Mikhalchishin, Adrian"]
[Black "Razuvaev, Yuri S"]
[Result "1/2-1/2"]
[WhiteElo "2460"]
[BlackElo "2465"]

1.e4 e5 2.Nf3 Nc6 3.Bb5 a6 4.Ba4 Nf6 5.O-O Be7 6.Re1 b5 7.Bb3 O-O 8.c3 d6
9.h3 Bb7 10.d4 Re8 11.Nbd2 Bf8 12.Bc2 Nb8 13.b3 Nbd7 14.a4 g6 15.d5 c6 16.c4 Qc7
17.a5 Rac8 18.Bb1 cxd5 19.cxd5 Qc3 20.Ra2 Qc7 21.Ra1 Qc3 22.Ra2 Qc7 23.Ra1  1/2-1/2

[Event "Belgrade m"]
[Site "Belgrade"]
[Date "1979.??.??"]
[Round "5"]
[White "Ljubojevic, Ljubomir"]
[Black "Gligoric, Svetozar"]
[Result "0-1"]
[WhiteElo "2590"]
[BlackElo "2560"]

1.e4 e5 2.Nf3 Nc6 3.Bb5 a6 4.Ba4 Nf6 5.O-O Be7 6.Re1 b5 7.Bb3 d6 8.c3 O-O
9.h3 Bb7 10.d4 Re8 11.Ng5 Rf8 12.f4 exf4 13.Bxf4 Na5 14.Bc2 Nd5 15.exd5 Bxg5
16.Qh5 h6 17.Bg3 g6 18.Qf3 Nc4 19.Na3 Nb6 20.Bb3 h5 21.Nc2 Qf6 22.Qe4 a5
23.a3 Nc4 24.Bxc4 bxc4 25.h4 Bh6 26.a4 Kh7 27.Rf1 Qg7 28.Qf3 Rae8 29.Bf2 f5
30.b3 cxb3 31.Na3 b2 32.Rab1 Bc1 33.c4 f4 34.Nb5 Bc8 35.Qc3 g5 36.Rbxc1 bxc1=Q
37.Rxc1 g4 38.Qxa5 g3 39.Be1  0-1

[Event "Belgrade m"]
[Site "Belgrade"]
[Date "1979.??.??"]
[Round "7"]
[White "Ljubojevic, Ljubomir"]
[Black "Gligoric, Svetozar"]
[Result "1/2-1/2"]
[WhiteElo "2590"]
[BlackElo "2560"]

1.e4 e5 2.Nf3 Nc6 3.Bb5 a6 4.Ba4 Nf6 5.O-O Be7 6.Re1 b5 7.Bb3 d6 8.c3 O-O
9.h3 Bb7 10.d4 Re8 11.Nbd2 g6 12.Bc2 Bf8 13.d5 Nb8 14.b3 Nbd7 15.c4 c6 16.a4 Qc7
17.Ba3 cxd5 18.cxd5 Rec8 19.Bd3 Nc5 20.Bf1 Qb6 21.Qb1 Bh6 22.Bb4 Nfd7 23.Rc1 Rcb8
24.Rc2 bxa4 25.Bxc5 Nxc5 26.b4 Nb3 27.Rxa4 Nxd2 28.Nxd2 Bxd2 29.Rxd2 Rf8
30.Bd3 Rab8 31.Rda2 Bc8 32.Bxa6 Bd7 33.b5 f5 34.Qe1 fxe4 35.Rxe4 Qc5 36.Qb4 Qb6
37.Rb2 Rf6 38.Qb3 Rbf8 39.Qe3 Qa5 40.Rc4 Rf4 41.Qc3 Qb6 42.Rxf4 exf4 43.Re2 Rf7
44.Rb2 Rf8 45.Re2 Rf7 46.Re4 Bxb5 47.Bc8 Qc7 48.Qxc7 Rxc7 49.Be6+ Kg7 50.Rxf4 g5
51.Rg4 Kf6 52.h4 h6 53.f4 Rc4 54.fxg5+ hxg5 55.Rxg5 Rxh4 56.Rf5+ Kg6 57.Rf8 Ra4
58.Kh2 Bd3 59.Rd8 Ra6 60.Kg3 Kf6 61.Kf4 Ra4+ 62.Ke3 Be4 63.Rg8 Ke5 64.Rg5+ Kf6
65.Rg4 Ke5 66.Bg8 Ra3+ 67.Kf2 Ra2+ 68.Kg1 Rd2 69.Kh2 Bxd5 70.Rg5+ Ke4  1/2-1/2

[Event "URS-ch otbor"]
[Site "Beltsy"]
[Date "1979.??.??"]
[Round "?"]
[White "Vitolinsh, Alvis"]
[Black "Dorfman, Josif D"]
[Result "1-0"]
[WhiteElo "2430"]
[BlackElo "2595"]

1.e4 e5 2.Nf3 Nc6 3.Bb5 a6 4.Ba4 Nf6 5.O-O Be7 6.Re1 b5 7.Bb3 d6 8.c3 O-O
9.h3 Bb7 10.d4 Re8 11.a4 Bf8 12.d5 Nb8 13.axb5 axb5 14.Rxa8 Bxa8 15.Na3 c6
16.dxc6 Bxc6 17.Bg5 Nbd7 18.Nc2 h6 19.Bxf6 Nxf6 20.Nb4 Bb7 21.Nd5 Nxd5 22.Bxd5 Qa8
23.Bxb7 Qxb7 24.Qd3 Ra8 25.Nd2 Ra2 26.Rb1 Ra4 27.b4 Ra3 28.Nf1 Qc6 29.Rc1 Be7
30.Ne3 g6 31.Nd5 Bd8 32.g3 h5 33.h4 Kg7 34.Kg2 Ra2 35.c4 Bb6 36.c5 dxc5 37.Nxb6 Qxb6
38.Rxc5 Qf6 39.Qf3 Qxf3+ 40.Kxf3 Ra3+ 41.Kg2 Rb3 42.Rxb5 Kf6 43.f3 Rb2+ 44.Kf1 Rb1+
45.Ke2 Rb2+ 46.Kd3 Rg2 47.Rd5 Rxg3 48.b5 Rxf3+ 49.Kc4 Re3 50.b6 Rxe4+ 51.Kc5 Re1
52.b7  1-0

[Event "URS-ch otbor"]
[Site "Beltsy"]
[Date "1979.??.??"]
[Round "?"]
[White "Dvoirys, Semen I"]
[Black "Petrosian, Arshak B"]
[Result "1-0"]
[WhiteElo "2200"]
[BlackElo "2430"]

1.e4 e5 2.Nf3 Nc6 3.Bb5 a6 4.Ba4 Nf6 5.O-O Be7 6.Re1 b5 7.Bb3 d6 8.c3 O-O
9.h3 Bb7 10.d4 Re8 11.Ng5 Rf8 12.Nf3 Re8 13.Nbd2 Bf8 14.Bc2 Nb8 15.b3 Nbd7
16.a4 c6 17.Nf1 Qc7 18.Ng3 g6 19.Bg5 h6 20.Be3 Bg7 21.Qd2 Kh7 22.Nh4 d5 23.exd5 Nxd5
24.Nhf5 Nxe3 25.Nxg7 Kxg7 26.Rxe3 Qd6 27.Qe2 c5 28.Re1 cxd4 29.cxd4 Rac8
30.axb5 axb5 31.Bf5 Qc6 32.Be4 Qb6 33.Bxb7 Qxb7 34.dxe5 Nc5 35.b4 Ne6 36.Ne4 Nd4
37.Qb2  1-0

[Event "URS-ch otbor"]
[Site "Beltsy"]
[Date "1979.??.??"]
[Round "?"]
[White "Dvoirys, Semen I"]
[Black "Gofshtein, Leonid D"]
[Result "0-1"]
[WhiteElo "2200"]
[BlackElo "2400"]

1.e4 e5 2.Nf3 Nc6 3.Bb5 a6 4.Ba4 Nf6 5.O-O Be7 6.Re1 b5 7.Bb3 d6 8.c3 O-O
9.h3 Bb7 10.d4 Re8 11.Nbd2 Bf8 12.Bc2 g6 13.b3 Nb8 14.Bb2 Nbd7 15.a4 Bg7
16.dxe5 dxe5 17.Qe2 Bc6 18.b4 Nh5 19.Bc1 Nf4 20.Qf1 Nb6 21.a5 Na4 22.g3 Ne6
23.Bxa4 bxa4 24.Rd1 Qb8 25.Qe2 Bb5 26.c4 Bd7 27.Rb1 c5 28.Nf1 Nd4 29.Nxd4 exd4
30.Bf4 Qc8 31.h4 cxb4 32.Rxb4 Bg4 33.f3 d3 34.Qf2 Bxf3 35.Rxd3 Bxe4 36.Rd1 a3
37.Ne3 Qh3 38.Qh2 Qxh2+ 39.Kxh2 Rad8 40.Nd5 Bxd5 41.cxd5 a2 42.Ra4 a1=Q 43.Raxa1 Bxa1
44.Rxa1 Re2+ 45.Kh3 Rxd5  0-1

[Event "URS-ch otbor"]
[Site "Beltsy"]
[Date "1979.??.??"]
[Round "?"]
[White "Kaiumov, Dmitry D"]
[Black "Polovodin, Igor A"]
[Result "1-0"]
[WhiteElo "2200"]
[BlackElo "2355"]

1.e4 e5 2.Nf3 Nc6 3.Bb5 a6 4.Ba4 Nf6 5.O-O Be7 6.Re1 b5 7.Bb3 d6 8.c3 O-O
9.h3 Bb7 10.d4 Re8 11.Ng5 Rf8 12.Nf3 Re8 13.Nbd2 Bf8 14.Bc2 Nb8 15.b3 Nbd7
16.d5 c6 17.c4 Qc7 18.Nf1 Rec8 19.Ne3 bxc4 20.bxc4 cxd5 21.cxd5 a5 22.Nh2 Ba6
23.Nhg4 Nxg4 24.hxg4 Rab8 25.Bd2 Nc5 26.Qf3 Bd3 27.Rec1 Qa7 28.Bxd3 Nxd3
29.Rxc8 Rxc8 30.Nf5 Qa6 31.Rb1 a4 32.g5 Nc5 33.Qg4 Kh8 34.Nxd6 Rc7 35.Nb5 Rb7
36.Qc8 Kg8 37.Kh2 Rxb5 38.Qxa6 Rxb1 39.Qc4 Rd1 40.Be3  1-0

[Event "HUN-ch"]
[Site "Budapest"]
[Date "1979.??.??"]
[Round "13"]
[White "Hazai, Laszlo"]
[Black "Pinter, Jozsef"]
[Result "1/2-1/2"]
[WhiteElo "2420"]
[BlackElo "2445"]

1.e4 e5 2.Nf3 Nc6 3.Bb5 a6 4.Ba4 Nf6 5.O-O Be7 6.Re1 b5 7.Bb3 O-O 8.c3 d6
9.h3 Bb7 10.d4 Re8 11.Ng5 Rf8 12.Nf3 Re8 13.Ng5 Rf8 14.Nf3 Re8 15.dxe5 Nxe5
16.Nxe5 dxe5 17.Nd2 c5 18.Qf3 c4 19.Bc2 Qc7 20.Nf1 Rad8 21.Ne3  1/2-1/2

[Event "Konex"]
[Site "Buenos Aires"]
[Date "1979.??.??"]
[Round "1"]
[White "Liberzon, Vladimir M"]
[Black "Trois, Francisco RT"]
[Result "1/2-1/2"]
[WhiteElo "2515"]
[BlackElo "2415"]

1.e4 e5 2.Nf3 Nc6 3.Bb5 a6 4.Ba4 Nf6 5.O-O Be7 6.Re1 b5 7.Bb3 d6 8.c3 O-O
9.h3 Bb7 10.d4 Na5 11.Bc2 Nc4 12.b3 Nb6 13.Nbd2 Nbd7 14.b4 Re8 15.Nb3 Rc8
16.a4 c6 17.Bd3 Bf8 18.dxe5 dxe5 19.Bg5 h6 20.Bxf6 Nxf6 21.Qc2 Qb6 22.Nfd2  1/2-1/2

[Event "Dubna"]
[Site "Dubna"]
[Date "1979.??.??"]
[Round "?"]
[White "Georgiev, Krum"]
[Black "Razuvaev, Yuri S"]
[Result "1-0"]
[WhiteElo "2440"]
[BlackElo "2470"]

1.e4 e5 2.Nf3 Nc6 3.Bb5 a6 4.Ba4 Nf6 5.O-O b5 6.Bb3 Be7 7.Re1 O-O 8.c3 d6
9.h3 Bb7 10.d4 Re8 11.Ng5 Rf8 12.Nf3 h6 13.Nbd2 exd4 14.cxd4 Nb4 15.Qe2 c5
16.a3 Nc6 17.dxc5 dxc5 18.e5 Nh7 19.Ne4 c4 20.Bc2 Re8 21.Bf4 Nf8 22.Qe3 Ng6
23.e6 Nxf4 24.exf7+ Kxf7 25.Qxf4+ Kg8 26.Qf5 Rf8 27.Qe6+ Rf7 28.Rad1 Qc8
29.Qg6 Rxf3 30.Nd6 Bxd6 31.Rxd6 Kf8 32.gxf3 Qc7 33.Rde6 Qf7 34.Qxf7+ Kxf7
35.Bg6+  1-0

[Event "URS-FL"]
[Site "Frunze"]
[Date "1979.??.??"]
[Round "7"]
[White "Sideif Sade, Fikret I"]
[Black "Ivanov, Alexander"]
[Result "1/2-1/2"]
[WhiteElo "2320"]
[BlackElo "2395"]

1.e4 e5 2.Nf3 Nc6 3.Bb5 a6 4.Ba4 Nf6 5.O-O Be7 6.Re1 b5 7.Bb3 d6 8.c3 O-O
9.h3 Bb7 10.d4 Re8 11.Nbd2 Bf8 12.a4 h6 13.d5 Na7 14.Nf1 c6 15.dxc6 Nxc6
16.Ne3 Na5 17.Bd5 Nxd5 18.Nxd5 Nc4 19.Qd3 Nb6 20.Nxb6 Qxb6 21.Be3 Qc6 22.axb5 axb5
23.Nd2 Red8 24.Qe2 d5 25.exd5 Qxd5 26.f3 Rxa1 27.Rxa1 f5 28.Nf1 Rd6 29.Kh1 f4
30.Bf2 e4 31.fxe4 Qxe4 32.Qxe4 Bxe4 33.Re1 Bc6 34.Kh2 Rg6 35.g3 Bd6 36.Re2 h5
37.Rd2 Be5 38.Re2 Bc7 39.h4 Rg4 40.Kh3 Bd7 41.Re7 Rxg3+ 42.Kh2 Rh3+ 43.Kg2 Rd3
44.Bd4 Bh3+ 45.Kf2 Bd6 46.Rxg7+ Kf8 47.Rg5 Rd1 48.Nh2 Rd2+ 49.Kg1 Rxb2 50.Nf3 Ke7
51.Rxh5 Bg2 52.Ng5 Bd5 53.Rh7+ Ke8 54.Rh8+ Kd7 55.Rh7+ Kc6 56.Nf7 Bc7 57.Rh6+ Kd7
58.Ne5+ Kc8 59.Rf6  1/2-1/2

[Event "Hastings7980"]
[Site "Hastings"]
[Date "1979.??.??"]
[Round "5"]
[White "Liberzon, Vladimir M"]
[Black "Biyiasas, Peter"]
[Result "1/2-1/2"]
[WhiteElo "2515"]
[BlackElo "2485"]

1.e4 e5 2.Nf3 Nc6 3.Bb5 a6 4.Ba4 Nf6 5.O-O Be7 6.Re1 b5 7.Bb3 d6 8.c3 O-O
9.h3 Bb7 10.d4 Re8 11.Nbd2 Bf8 12.Bc2 g6 13.b3 d5 14.dxe5 Nxe5 15.Nxe5 Rxe5
16.Nf3 Rxe4 17.Bxe4 Nxe4 18.Bd2 Bc5 19.Re2 Ng3 20.Re1 Ne4 21.Re2 Ng3  1/2-1/2

[Event "Kecskemet"]
[Site "Kecskemet"]
[Date "1979.??.??"]
[Round "1"]
[White "Perenyi, Bela"]
[Black "Lukacs, Peter"]
[Result "1/2-1/2"]
[WhiteElo "2310"]
[BlackElo "2420"]

1.e4 e5 2.Nf3 Nc6 3.Bb5 a6 4.Ba4 Nf6 5.O-O Be7 6.Re1 b5 7.Bb3 d6 8.c3 O-O
9.h3 Bb7 10.d4 Re8 11.Nbd2 Bf8 12.Bc2 Nb8 13.a4 Nbd7 14.b4 Nb6 15.a5 Nbd7
16.Bb2 g6 17.Qb1 Rb8 18.Qa2 Nh5 19.Bb3 Qf6 20.c4 bxc4 21.Nxc4 Nf4 22.dxe5 Nxe5
23.Re3 Nxh3+ 24.Kf1 Nf4 25.Rc1 Rbc8 26.Qa1 Bg7 27.Ncxe5 dxe5 28.Rc5 Qe7 29.Rxe5 Bxe5
30.Nxe5 Qg5 31.g3 Ne6 32.Nxf7 Kxf7 33.Rf3+ Kg8 34.Rf6 Qg4 35.Qa2 Qxe4 36.Bxe6+ Rxe6
37.Qxe6+ Qxe6 38.Rxe6 Kf7 39.Re5 Bc6 40.Rc5 Bb5+  1/2-1/2

[Event "Novi Sad"]
[Site "Novi Sad"]
[Date "1979.??.??"]
[Round "?"]
[White "Geller, Efim P"]
[Black "Beliavsky, Alexander G"]
[Result "1/2-1/2"]
[WhiteElo "2550"]
[BlackElo "2595"]

1.e4 e5 2.Nf3 Nc6 3.Bb5 a6 4.Ba4 Nf6 5.O-O Be7 6.Re1 b5 7.Bb3 d6 8.c3 O-O
9.h3 Bb7 10.d4 Re8 11.Nbd2 Bf8 12.Bc2 g6 13.d5 Nb8 14.b3 c6 15.c4 Qc7 16.Nf1 Nbd7
17.Bg5 h6 18.Be3 a5 19.Ng3 Ba6 20.Rc1 Rec8 21.Qd2 Kh7 22.Bd3 Qb7 23.Qe2 bxc4
24.bxc4 Rab8 25.Rb1  1/2-1/2

[Event "Novi Sad"]
[Site "Novi Sad"]
[Date "1979.??.??"]
[Round "?"]
[White "Geller, Efim P"]
[Black "Gligoric, Svetozar"]
[Result "1/2-1/2"]
[WhiteElo "2550"]
[BlackElo "2560"]

1.e4 e5 2.Nf3 Nc6 3.Bb5 a6 4.Ba4 Nf6 5.O-O Be7 6.Re1 b5 7.Bb3 d6 8.c3 O-O
9.h3 Bb7 10.d4 Re8 11.Nbd2 Bf8 12.Bc2 g6 13.d5 Nb8 14.b3 c6 15.c4 Bh6 16.b4 bxc4
17.dxc6 Nxc6 18.Nxc4 Bxc1 19.Rxc1 Nxb4 20.Bb3 Qe7 21.Qxd6 Bxe4 22.Qxe7 Rxe7
23.Nfxe5 a5 24.a3 a4 25.Bxa4 Rxa4 26.axb4 Bd5  1/2-1/2

[Event "Rubinstein mem"]
[Site "Polanica Zdroj"]
[Date "1979.??.??"]
[Round "13"]
[White "Pokojowczyk, Jerzy"]
[Black "Razuvaev, Yuri S"]
[Result "1/2-1/2"]
[WhiteElo "2365"]
[BlackElo "2470"]

1.e4 e5 2.Nf3 Nc6 3.Bb5 a6 4.Ba4 Nf6 5.O-O Be7 6.Re1 b5 7.Bb3 d6 8.c3 O-O
9.h3 Bb7 10.d4 Re8 11.Ng5 Rf8 12.Nf3 Re8 13.Nbd2 Bf8 14.Bc2 Nb8 15.b3 Nbd7
16.d5 c6 17.c4 Qc7 18.a4 g6 19.Ba3 Rec8  1/2-1/2

[Event "SWE-ch"]
[Site "?"]
[Date "1979.??.??"]
[Round "?"]
[White "Kinnmark, Ove"]
[Black "Kaiszauri, Konstanty"]
[Result "1-0"]
[WhiteElo "2365"]
[BlackElo "2405"]

1.e4 e5 2.Nf3 Nc6 3.Bb5 a6 4.Ba4 Nf6 5.O-O Be7 6.Re1 b5 7.Bb3 d6 8.c3 O-O
9.h3 Bb7 10.d4 Re8 11.Nbd2 Bf8 12.a3 g6 13.Bc2 Bg7 14.b4 d5 15.dxe5 Nxe5
16.Nxe5 Rxe5 17.Nf3 Rxe4 18.Bxe4 Nxe4 19.Nd4 Nxc3 20.Qd3 Na4 21.Ra2 c5 22.bxc5 Nxc5
23.Qe3 Ne4 24.Rc2 Nd6 25.Qd3 Qb6 26.Nf3 d4 27.Bf4 Nc4 28.Rce2 Qc6 29.Re7 Bf6
30.Rc7 Qd5 31.h4 Nb2 32.Qd2 d3 33.Be5 Nc4 34.Rxc4 Bxe5 35.Rce4 f6 36.Nxe5 fxe5
37.f3 Rd8 38.Rxe5 Qd4+ 39.Qe3 d2 40.Rd1 Qxe3+ 41.Rxe3 Rd4 42.Re2 Rxh4 43.Rdxd2 Rf4
44.Re7 Bc6 45.Rd6  1-0

[Event "Tirnavia-A"]
[Site "Trnava"]
[Date "1979.??.??"]
[Round "12"]
[White "Espig, Lutz"]
[Black "Plachetka, Jan"]
[Result "1/2-1/2"]
[WhiteElo "2450"]
[BlackElo "2445"]

1.e4 e5 2.Nf3 Nc6 3.Bb5 a6 4.Ba4 Nf6 5.O-O b5 6.Bb3 Be7 7.Re1 d6 8.c3 O-O
9.h3 Bb7 10.d4 Re8 11.Nbd2 h6 12.Nf1 Bf8 13.Ng3 Na5 14.Bc2 Nc4 15.b3 Nb6  1/2-1/2

[Event "URS Spartakiad"]
[Site "URS"]
[Date "1979.??.??"]
[Round "?"]
[White "Klovans, Janis"]
[Black "Seredenko, Vladimir"]
[Result "1-0"]
[WhiteElo "2490"]
[BlackElo "2200"]

1.e4 e5 2.Nf3 Nc6 3.Bb5 a6 4.Ba4 Nf6 5.O-O Be7 6.Re1 b5 7.Bb3 O-O 8.c3 d6
9.h3 Bb7 10.d4 Re8 11.Nbd2 Bf8 12.Bc2 Nb8 13.a4 Nbd7 14.b4 Nb6 15.a5 Nbd7
16.Bb2 Rc8 17.Qb1 c5 18.bxc5 dxc5 19.dxe5 Nxe5 20.c4 Nxf3+ 21.Nxf3 Nh5 22.Be5 Rxe5
23.Nxe5 Qd4 24.Ng4 Qxc4 25.e5 Re8 26.Bxh7+ Kh8 27.Be4 Bc8 28.Qd1 Be6 29.Qf3 g6
30.Rad1 Qb3 31.Ne3 Qc3 32.g4 Ng7 33.Qf4 Bb3 34.Bd5 Rxe5 35.Bxb3  1-0

[Event "URS Spartakiad"]
[Site "URS"]
[Date "1979.??.??"]
[Round "?"]
[White "Kapengut, Albert Z"]
[Black "Ruderfer, Mark B"]
[Result "1/2-1/2"]
[WhiteElo "2465"]
[BlackElo "2400"]

1.e4 e5 2.Nf3 Nc6 3.Bb5 a6 4.Ba4 Nf6 5.O-O Be7 6.Re1 b5 7.Bb3 d6 8.c3 O-O
9.h3 Bb7 10.d4 Re8 11.Bg5 h6 12.Bh4 Nd7 13.Bg3 Bf6 14.Qd3 Na5 15.Bc2 c5 16.d5 Nc4
17.b3 Ncb6 18.c4 bxc4 19.bxc4 a5 20.Na3 Nb8 21.Qd1 Na6 22.Ba4 Re7 23.Re2 Nb4
24.Bb5 Bc8 25.Nb1 Na6 26.Nc3 Bd7 27.Rb1 Bxb5 28.Rxb5 Nb8 29.Na4 Rb7 30.Nxb6 Rxb6
31.Reb2 Nd7 32.Nd2 Bg5 33.Nb1 Rxb5 34.Rxb5 Rb8 35.Nc3 Rxb5 36.Nxb5 Nb6 37.Qd3 Bf4
38.Qc3 Bxg3 39.fxg3 Nc8 40.Kf2 Qf6+ 41.Ke2 Qg6 42.Qf3 Kf8 43.g4 Qg5 44.Qa3 Qd8
45.Kd3 g6 46.Nc3 h5 47.gxh5 gxh5 48.Nd1 Ne7 49.Ne3 Ng6 50.Qb2 Nf4+ 51.Kc3 Kg8
52.Nf5 a4 53.Qb5 Ne2+ 54.Kb2 Nd4 55.Nxd4 exd4 56.Qxa4 Qf6 57.Qd1  1/2-1/2

[Event "URS Spartakiad"]
[Site "URS"]
[Date "1979.??.??"]
[Round "?"]
[White "Semenova, Lidia K"]
[Black "Zatulovskaya, Tatiana"]
[Result "1/2-1/2"]
[WhiteElo "2245"]
[BlackElo "2160"]

1.e4 e5 2.Nf3 Nc6 3.Bb5 a6 4.Ba4 Nf6 5.O-O b5 6.Bb3 d6 7.c3 Be7 8.h3 O-O
9.Re1 Bb7 10.d4 Re8 11.Nbd2 Bf8 12.Bc2 Nb8 13.a4 Nbd7 14.Bd3 c6 15.b3 Qc7
16.Bb2 g6 17.Qc2 Bg7 18.c4 bxa4 19.Rxa4 exd4 20.Bxd4 c5 21.Bc3 Bc6 22.Ra3 Qb7
23.Qb2 Nh5 24.Nh2 Bxc3 25.Qxc3 f5 26.f3 Nhf6 27.Qc2 fxe4 28.Nxe4 Nxe4 29.Bxe4 Bxe4
30.Rxe4 Rxe4 31.Qxe4 Qxe4 32.fxe4 Nf6 33.e5 dxe5 34.Ra5 Nd7 35.Kf2 Kf7 36.Nf3 Ke6
37.Nd2 Kd6 38.Ne4+ Kc6 39.Ke3 Kb6 40.Ra1 Rb8 41.Rf1 Kc6 42.Nd2  1/2-1/2

[Event "URS Spartakiad"]
[Site "URS"]
[Date "1979.??.??"]
[Round "?"]
[White "Tseitlin, Mikhail S"]
[Black "Vasiukov, Evgeni"]
[Result "1-0"]
[WhiteElo "2505"]
[BlackElo "2560"]

1.e4 e5 2.Nf3 Nc6 3.Bb5 a6 4.Ba4 Nf6 5.O-O Be7 6.Re1 b5 7.Bb3 d6 8.c3 O-O
9.h3 Bb7 10.d4 Re8 11.dxe5 Nxe5 12.Nxe5 dxe5 13.Qf3 c5 14.Nd2 c4 15.Bc2 Qc7
16.Nf1 Rad8 17.Ng3 Nd7 18.b4 Nb6 19.Nf5 Bf8 20.h4 Na4 21.h5 f6 22.a3 Qf7
23.Re3 Bc8 24.Qe2 Kh8 25.Nh4 Be6 26.Rg3 Bd6 27.Qf3 Rd7 28.Nf5 Bf8 29.Nh4 Bd6
30.Bxa4 bxa4 31.Be3 Bc7 32.Rd1 Red8 33.Rxd7 Qxd7 34.Kh2 Qf7 35.Nf5 Bxf5 36.Qxf5 Bd6
37.Bb6 Rb8 38.Be3 Bf8 39.Rf3 Rd8 40.h6 Qg6 41.Qe6 Qxe4 42.Rf4 Qg6 43.hxg7+ Bxg7
44.Rh4 Rg8 45.g3 Qc2 46.Kg2 Qd3 47.Rxc4 Rd8 48.Bb6 Rf8 49.Bc5 Rg8 50.Be7 e4
51.Qxe4 Qxe4+ 52.Rxe4 f5 53.Re6 Bxc3 54.Bf6+ Bxf6 55.Rxf6 a5 56.bxa5 Ra8
57.Rxf5 Kg7 58.g4 Ra6 59.Kg3  1-0